000 00408nam a2200157Ia 4500
008 121120t1873 xxu||||| |||| 00| 0 sin d
041 _asin
080 _a8S1-18
_bSAV
245 _aසව් සත් දම් වාදය
246 _aSavu Sath Dam Vadaya
260 _bSurathura
_aColombo
_c1873
300 _b127p., 21 cm
942 _cBK
999 _c76724
_d76724
003 LK-CoDNM
040 _aLK-CoDNM
_dLK-CoDNM
_eLK-CoDNM